000 00530cam a2200193ua 4500
001 2526
008 110909n ii |||gr||||Z||||||asm
040 _cMAIN
082 _a491.451
100 _aGoswami, Upendra Nath,
_eAuthor.
245 1 1 _aAsomiya bhasar udbhav samriddhi aru vikash
_cby Upendra Nath Goswami
250 _a2nd.
260 _aGuahati:
_bBaruah Agency,994.
300 _a304p:
_c23cm.
653 _aLanguage
653 _aAssamese language
653 _aAsomiya bhasar udbhav samriddhi aru vikash
942 _cBK
999 _c2379
_d2379